<?xml version="1.0" encoding="UTF-8"?><?xml-stylesheet type="text/xsl" href="static/style.xsl"?><OAI-PMH xmlns="http://www.openarchives.org/OAI/2.0/" xmlns:xsi="http://www.w3.org/2001/XMLSchema-instance" xsi:schemaLocation="http://www.openarchives.org/OAI/2.0/ http://www.openarchives.org/OAI/2.0/OAI-PMH.xsd"><responseDate>2026-06-01T09:39:10Z</responseDate><request verb="GetRecord" identifier="oai:riuma.uma.es:10630/41016" metadataPrefix="marc">https://riuma.uma.es/rest/oai/request</request><GetRecord><record><header><identifier>oai:riuma.uma.es:10630/41016</identifier><datestamp>2026-02-03T10:26:21Z</datestamp><setSpec>com_10630_1685</setSpec><setSpec>col_10630_38055</setSpec></header><metadata><record xmlns="http://www.loc.gov/MARC21/slim" xmlns:dcterms="http://purl.org/dc/terms/" xmlns:doc="http://www.lyncode.com/xoai" xmlns:xsi="http://www.w3.org/2001/XMLSchema-instance" xsi:schemaLocation="http://www.loc.gov/MARC21/slim http://www.loc.gov/standards/marcxml/schema/MARC21slim.xsd">
   <leader>00925njm 22002777a 4500</leader>
   <datafield ind2=" " ind1=" " tag="042">
      <subfield code="a">dc</subfield>
   </datafield>
   <datafield ind2=" " ind1=" " tag="720">
      <subfield code="a">Salamanca Toro, Víctor</subfield>
      <subfield code="e">author</subfield>
   </datafield>
   <datafield ind2=" " ind1=" " tag="260">
      <subfield code="c">2025-06</subfield>
   </datafield>
   <datafield ind2=" " ind1=" " tag="520">
      <subfield code="a">El objeto de este TFG (Trabajo de Fin de Grado) es proporcionar una Guía para realizar trabajos fin de estudios (grado y máster) en colaboración con empresas aplicando Action-Research. Esta guía deberá facilitar la transferencia de conocimientos entre universidad y empresa y potenciar la colaboración entre tutor académico y tutor en la empresa, poniendo en el centro de todo el proceso al estudiante.&#xd;
La guía se basará en la recopilación de buenas prácticas y casos de éxito de trabajos fin de estudios, grado y máster, redactados en español e inglés, poniendo el énfasis en aquellos que han desarrollado un proyecto en colaboración con la empresa.&#xd;
Para abordar este reto, se ha llevado a cabo un análisis de alrededor de 55 proyectos&#xd;
académicos que aplican esta metodología, lo que ha permitido recopilar información útil sobre su aplicación, beneficios y enfoques más comunes. Con esta base, se ha diseñado una guía dividida por etapas que ofrece sugerencias prácticas, ejemplos y herramientas que acompañen al estudiante en el desarrollo de su TFG.&#xd;
El objetivo de este trabajo es facilitar la experiencia del alumnado en este proceso&#xd;
académico, fomentando una mayor seguridad y preparación, y al mismo tiempo estrechar los lazos entre universidad y empresa mediante un enfoque más práctico, reflexivo y vinculado con la realidad.</subfield>
   </datafield>
   <datafield ind1="8" ind2=" " tag="024">
      <subfield code="a">https://hdl.handle.net/10630/41016</subfield>
   </datafield>
   <datafield tag="653" ind2=" " ind1=" ">
      <subfield code="a">Relaciones universidad-empresa - Trabajos fin de grado</subfield>
   </datafield>
   <datafield tag="653" ind2=" " ind1=" ">
      <subfield code="a">Investigación activa - Trabajos fin de grado</subfield>
   </datafield>
   <datafield ind2="0" ind1="0" tag="245">
      <subfield code="a">Guía action-research para la realización de TFGs en colaboración con empresas</subfield>
   </datafield>
</record>
</metadata></record></GetRecord></OAI-PMH>